Govt. of
Madhya Pradesh

Pandit Vishnu Digambar (Record no. 7143)

MARC details
000 -LEADER
fixed length control field 003270000a22001570004500
003 - CONTROL NUMBER IDENTIFIER
control field MACL
040 ## - CATALOGING SOURCE
Original cataloging agency MACL
090 ## - LOCALLY ASSIGNED LC-TYPE CALL NUMBER (OCLC); LOCAL CALL NUMBER (RLIN)
-- 7190
-- 7189
100 ## - MAIN ENTRY--PERSONAL NAME
Personal name Athavale, V.R.
245 ## - TITLE STATEMENT
Title Pandit Vishnu Digambar
260 ## - PUBLICATION, DISTRIBUTION, ETC. (IMPRINT)
Name of publisher, distributor, etc. Natioal Book Trust
Date of publication, distribution, etc. 1967
350 ## - PRICE (NR) (BK AM CF MU VM SE) [OBSOLETE]
Price 1.25
650 ## - SUBJECT ADDED ENTRY--TOPICAL TERM
Topical term or geographic name as entry element Biography
942 ## - ADDED ENTRY ELEMENTS (KOHA)
Koha item type Library Membar
Call number prefix 920
951 ## - EQUIVALENCE OR CROSS-REFERENCE--GEOGRAPHIC NAME/AREA NAME [OBSOLETE] [CAN/MARC only]
-- 920 BOOK

No items available.